|
|
|
|
| LEADER |
00000nab a2200000 a 4500 |
| 001 |
vtls011123293 |
| 003 |
SK-MaSNL |
| 005 |
20260303143720.0 |
| 008 |
230222|2006 xo |||||||||||||||||slo| |
| 015 |
|
|
|a SNBRB
|
| 035 |
|
|
|a (uuid)2f73b035-609a-4c8f-a1f7-741890e1cc22
|
| 035 |
|
|
|a (urnnbn)urn:nbn:sk:snk:ar-a0920i
|
| 035 |
|
|
|a urn:nbn:sk:snk-ab9w3f
|
| 040 |
|
|
|a SNKBUCL
|b slo
|c SNKBUCL
|e AACR2
|
| 041 |
0 |
|
|a slo
|
| 044 |
|
|
|a xo
|c SK
|
| 100 |
1 |
|
|a Jenča, Andrej
|4 aut
|9 541675
|
| 245 |
1 |
0 |
|a MEMORIÁL ZA MUDr. ANTONOM NEUWIRTHOM Dr.h.c.
|c Andrej Jenča
|
| 773 |
0 |
|
|t Verbum : časopis pre kresťanskú kultúru
|g Roč. 17, č. 1 (2006), s. 126-130
|
| 954 |
|
|
|a odborná, vedecká literatúra pôvodná (slovenská)
|2 lita
|
| 958 |
|
|
|a OND
|
| 958 |
|
|
|a EUIPO
|
| 958 |
|
|
|a article13
|
| 999 |
|
|
|c 1991920
|d 1993850
|